| 000 | 00455cam a2200169ua 4500 | ||
|---|---|---|---|
| 041 |
_aeng _h |
||
| 082 |
_a634.04 _bGOU/MO |
||
| 100 | _aGourley, Joseph harvey . | ||
| 245 |
_aModern fruit production / _cJoseph harvey Gourley. _hTextual Documents |
||
| 250 |
_a1 / _b. |
||
| 260 |
_aNewyork : _bMacMillan and Company Limited , _c1960. |
||
| 300 | _a579 ; . | ||
| 504 | _a | ||
| 700 | 1 | _aHowlett, Freeman smith . | |
| 942 | _cBK | ||
| 999 |
_c2627 _d2627 |
||